000
00261nam a2200109Ia 4500
008
190216s9999||||xx |||||||||||||| ||und||
100
_a
Stanley L Brue
245
0
_a
Economics Of Cycle And Growth
260
_b
Twice Life Books
650
_a
Economics
942
_c
BK
999
_c
9465
_d
9465